Countries missing from Yakko's world - Statistics

General Stats
  • This quiz has been taken 930 times
    894 since last reset
  • The average score is 32 of 53
Answers on the Map
Answers color-coded by a green-red scale on the quiz's map according to % correct below.
 
Answer Stats
Answer % Correct
Kazakhstan
75%
Uzbekistan
71%
Ukraine
70%
Latvia
69%
Belarus
68%
Estonia
68%
Kyrgyzstan
68%
Palau
68%
Tajikistan
68%
Turkmenistan
68%
Lithuania
67%
Micronesia
67%
Kiribati
66%
Marshall Islands
65%
Solomon Islands
65%
Tuvalu
65%
Antigua and Barbuda
64%
Azerbaijan
64%
Maldives
64%
Nauru
64%
Vanuatu
64%
Samoa
63%
St. Kitts and Nevis
63%
St. Lucia
63%
St. Vincent and the Grenadines
63%
Tonga
63%
Armenia
62%
Georgia
62%
Cape Verde
61%
Mauritius
61%
Seychelles
61%
Comoros
60%
Grenada
60%
Moldova
60%
Dominica
59%
Sao Tome and Principe
59%
Bosnia and Herzegovina
58%
Andorra
57%
Vatican City
56%
Brunei
55%
Croatia
55%
San Marino
53%
North Macedonia
52%
Slovenia
49%
Central African Republic
48%
Eritrea
47%
Singapore
47%
Equatorial Guinea
46%
Burkina Faso
45%
South Africa
45%
East Timor
44%
Cote d'Ivoire
40%
Papua New Guinea
40%
No matching quizzes found
Score Distribution
Percent of People with Each Score
Percentile by Number Answered
Your Score History
You have not taken this quiz since the last reset